Residential interior design: Guide to planning spaces (Record no. 396734)

MARC details
000 -LEADER
fixed length control field 00560 a2200217 4500
005 - DATE & TIME
control field 20260402141906.0
008 - FIXED-LENGTH DATA ELEMENTS--GENERAL INFORMATION
fixed length control field 260402b |||||||| |||| 00| 0 eng d
020 ## - ISBN
International Standard Book Number 9781119653424
Price $ 72.95
040 ## - CATALOGING SOURCE
Original cataloging agency VIVEKANANDA LIBRARY
082 ## - DDC NUMBER
Classification number 747
Book Number M698R(4)
100 ## - MAIN ENTRY--PERSONAL NAME
Personal name Mitton, Maureen
245 ## - TITLE STATEMENT
Title Residential interior design: Guide to planning spaces
250 ## - EDITION STATEMENT
Edition statement 4th
260 ## - PUBLICATION, DISTRIBUTION, ETC. (IMPRINT)
Name of publisher, distributor, etc John Wiley
Date of publication, distribution, etc 2022
Place of publication, distribution, etc Hoboken
300 ## - PHYSICAL DESCRIPTION
Pages ix, 294
650 ## - Subject
Subject Drawing
650 ## - Subject
Subject Interior Decoration
650 ## - Subject
Subject Architecture
700 ## - Added Entry Personal Name
Added Entry Personal Name Nystuen, Courtney
942 ## - ADDED ENTRY ELEMENTS (KOHA)
Koha item type Books
Holdings
Withdrawn status Lost status Source of classification or shelving scheme Damaged status Not for loan Location (home branch) Sublocation or collection (holding branch) Shelving location Date acquired Koha issues (times borrowed) Koha full call number Accession No. Koha date last seen Koha item type
    Dewey Decimal Classification     VIVEKANANDA LIBRARY VIVEKANANDA LIBRARY UIET Library 06/02/2026   747 M698R(4) 431023 06/02/2026 Books
© Designed and Maintained by Vivekananda Library, MDU Rohtak